| 000 | 01569nam a2200397Ia 4500 | ||
|---|---|---|---|
| 001 | dia_3198 | ||
| 003 | CHAP | ||
| 005 | 20240610141843.0 | ||
| 007 | ta | ||
| 008 | 220117s2004 mx ado f 001 0 spa d | ||
| 040 |
_amxchpua _cCHAP |
||
| 090 |
_aT.C.372 _bA83 SAI _c2004 |
||
| 245 | 1 | 0 |
_aSistema agroindustrial coco en la región Costa Grande y Costa Chica de Guerrero, Tecomán, Colima y Guadalajara, Jalisco / _ccoordinador Rogelio Ascencio Rivera ; colaboradores Mario Augusto Bolaños Carrillo...[et al.] |
| 260 |
_aMéxico : _bEl autor, _c2004 |
||
| 300 |
_aiii, 127 hojas : _bilustraciones, tablas, gráficas, diagramas, fotos |
||
| 336 |
_2rdacontent _atexto _btxt |
||
| 337 |
_2rdamedia _asin medio _bn |
||
| 338 |
_2rdacarrier _avolumen _bnc |
||
| 500 | _aGrado : 6° año Grupo : 03 Directorio : hoja 127 | ||
| 502 |
_aViaje de Estudios _b(SAI) -- _cUACh. Departamento de Ingeniería Agroindustrial, _d2004 |
||
| 504 | _aBibliografía : hoja 126 | ||
| 650 | 1 | 3 |
_aCocos (fruto) _9154290 |
| 650 | 1 | 3 |
_aProductos derivados del coco _9148327 |
| 650 | 1 | 0 |
_aIndustria agrícola _zMéxico _9148371 |
| 650 | 1 | 3 |
_aCoconuts _9152640 |
| 650 | 1 | 3 |
_aCoconut products _9148324 |
| 650 | 1 | 3 |
_aAgricultural industry _9147917 _zMéxico |
| 700 | 1 |
_aAscencio Rivera, J. Rogelio _9154289 _ecoordinador |
|
| 700 | 1 |
_aBolaños Carrillo, Mario Augusto _913466 _ecolaborador |
|
| 901 | _aT.C.372 A83 SAI 2004 | ||
| 902 | _aM | ||
| 905 | _a5232272004 mx dnmb8223123322spa16 | ||
| 942 | _2local | ||
| 942 | _cVE | ||
| 999 |
_c173696 _d173696 |
||